| 000 | 01245cam a2200325Ii 4500 | ||
|---|---|---|---|
| 001 | 3875989 | ||
| 003 | AUA.1 | ||
| 005 | 20251027094028.0 | ||
| 008 | 251027s1912 dcu b 000 0 eng d | ||
| 035 | _a.b11771422 | ||
| 040 |
_aEXN _cEXN |
||
| 049 | _aEXNs | ||
| 090 |
_aBV110 _b.A5 1912 |
||
| 100 | 1 |
_aAndrews, John Nevins, _d1829-1883. _951822 |
|
| 245 | 1 | 0 |
_aHistoria ya Sabato na Siku ya Kwanza ya Juma _cby J. N. Andrews |
| 246 | _aHistory of the Sabbath and first day of the week / | ||
| 247 | _aHistory of the Sabbath and first day of the week / | ||
| 250 | _aSwahili translation | ||
| 260 |
_aEugene, OR _bAdventist Pioneer Library _c2025 |
||
| 300 |
_a328 p. ; _c24 cm. |
||
| 500 | _aThis is a Swahili translation from the English title, History of the Sabbath and the first day of the week by J. N. Andrews | ||
| 500 | _aContents titles on cover. | ||
| 504 | _aIncludes bibliographical references. | ||
| 505 | 0 | _apt. 1. The Sabbath in the scriptures.--2. The Sabbath in history. | |
| 650 | 0 |
_aSabbath _xHistory. _951823 |
|
| 690 |
_aSeventh-day Adventist publications. _951824 |
||
| 740 | 4 | 0 | _aThe Sabbath in history. |
| 740 | 4 | 0 | _aThe Sabbath in the scriptures. |
| 942 |
_2lcc _cBOOK _hBV110 _i.A5 1912 |
||
| 999 |
_c25239 _d25239 |
||